000 00529nmm a2200169Ia 4500
008 251105s9999||||xx |||||||||||||||||und||
020 _a8497423496
041 _aspa
100 _aJordán, Javier (coord.)
245 0 _aLos orígenes del terror : indagando en las causas del terrorismo
264 _a[Madrid, España] :
_bBiblioteca Nueva,
_c2004
300 _a264 páginas
490 _aEnsayo Pensamiento
650 _aPolitical Science (General)
856 _uhttps://public.digitaliapublishing.com/a/5157
942 _cCF
999 _c74149
_d74149